000 00554nam a2200181Ia 4500
008 090630s9999 xx 000 0 und d
082 _b10505
100 _aबांदोडकर व. पु.
245 _aअंदाज.
_cबांदोडकर व. पु.
260 _bप्रिया.
_c1991
300 _a183
600 _aबांदोडकर व. पु.
630 _aअंदाज.
655 _aकादंबरी.
700 _aबांदोडकर व. पु.
730 _aअंदाज.
942 _cBOOK
999 _c262361
_d262361